00517nam a2200193 a 4500001001300000003000900013005001700022008004100039020000900080082001400089100002200103245005700125260003800182300000900220500003500229505001000264650002700274700002200301nice12345678IN_TiNIC20260116012525.0050524s1947 lona grp 000 0 eng  ac3400a248bUND1 aUnderhill, Evelyn aConcerning the Inner Life With the House of the Soul aLondonbMethuen and Companyc1947 a149p aincludes index and biblioraphy2 aIndex aSpirituality-Christian1 aUnderhill, Evelyn